[Event "Reykjavik Chess Congress 2018"]
[Site "Reykjavik"]
[Date "2018.01.10"]
[Round "1"]
[White "Jensson, Einar Hjalti"]
[Black "Einarsson, Oskar Long"]
[Result "1-0"]
[WhiteElo "2336"]
[BlackElo "1785"]
[Annotator "ChessBase"]
[PlyCount "67"]
[EventDate "2018.??.??"]
[EventType "swiss"]
[EventCountry "ISL"]
[TimeControl "40/5400+30:900+30"]

1. e4 {[%emt 0:00:00]} e6 {[%emt 0:00:06]} 2. d3 {[%emt 0:00:00]} d5 {[%emt 0:01:39]} 3. Nd2 {[%emt 0:01:22]} c5 {[%emt 0:17:26]} 4. g3 {[%emt 0:01:31]} Nc6 {[%emt 0:00:21]} 5. Bg2 {[%emt 0:01:57]} Nf6 {[%emt 0:00:17]} 6. Ngf3 {[%emt 0:00:53]} Bd6 {[%emt 0:00:23]} 7. O-O {[%emt 0:00:26]} O-O {[%emt 0:00:04]} 8. b3 {[%emt 0:01:53]} b5 {[%emt 0:00:46]} 9. a4 {[%emt 0:00:28]} b4 {[%emt 0:00:16]} 10. Bb2 {[%emt 0:01:23]} Ba6 {[%emt 0:07:39]} 11. e5 {[%emt 0:01:39]} Ne4 {[%emt 0:02:07]} 12. exd6 {[%emt 0:02:13]} Nc3 {[%emt 0:00:31]} 13. Bxc3 {[%emt 0:03:37]} bxc3 {[%emt 0:00:02]} 14. Nb1 {[%emt 0:00:13]} d4 {[%emt 0:00:45]} 15. Na3 {[%emt 0:00:15]} Rb8 {[%emt 0:01:16]} 16. Ng5 {[%emt 0:12:50]} Nb4 {[%emt 0:01:23]} 17. Qh5 {[%emt 0:05:29]} h6 {[%emt 0:02:00]} 18. Ne4 {[%emt 0:00:56]} Nxc2 {[%emt 0:00:51]} 19. Nxc2 {[%emt 0:02:25]} Bxd3 {[%emt 0:00:02]} 20. Qxc5 {[%emt 0:00:59]} Bxc2 {[%emt 0:03:08]} 21. Qxd4 {[%emt 0:00:46]} Bxe4 {[%emt 0:02:37]} 22. Bxe4 {[%emt 0:00:17]} Rxb3 {[%emt 0:01:06]} 23. Rfd1 {[%emt 0:01:28]} Qd7 {[%emt 0:00:16]} 24. Qc4 {[%emt 0:01:58]} Rb6 {[%emt 0:00:14]} 25. Qxc3 {[%emt 0:01:23]} Rc8 {[%emt 0:00:53]} 26. Qa3 {[%emt 0:01:09]} Rd8 {[%emt 0:00:11]} 27. Rac1 {[%emt 0:00:34]} f5 {[%emt 0:02:42]} 28. Rc7 {[%emt 0:01:32]} Rxd6 {[%emt 0:01:04]} 29. Rxd7 {[%emt 0:00:25]} Rxd1+ {[%emt 0:00:06]} 30. Rxd1 {[%emt 0:00:03]} Rxd1+ {[%emt 0:00:26]} 31. Kg2 {[%emt 0:00:08]} fxe4 {[%emt 0:00:07]} 32. Qe7 {[%emt 0:00:17]} a5 {[%emt 0:02:21]} 33. Qxe6+ {[%emt 0:00:21]} Kh8 {[%emt 0:00:17]} 34. Qe8+ {[%emt 0:00:06]} 1-0

[Event "Reykjavik Chess Congress 2018"]
[Site "Reykjavik"]
[Date "2018.01.10"]
[Round "1"]
[White "Stefansson, Vignir Vatnar"]
[Black "Haraldsson, Oskar"]
[Result "1-0"]
[WhiteElo "2304"]
[BlackElo "1733"]
[Annotator "ChessBase"]
[PlyCount "77"]
[EventDate "2018.??.??"]
[EventType "swiss"]
[EventCountry "ISL"]
[TimeControl "40/5400+30:900+30"]

1. Nc3 {[%emt 0:00:00]} f5 {[%emt 0:00:32]} 2. e4 {[%emt 0:00:00]} fxe4 {[%emt 0:03:48]} 3. Nxe4 {[%emt 0:00:04]} Nf6 {[%emt 0:00:26]} 4. Nxf6+ {[%emt 0:00:42]} exf6 {[%emt 0:00:12]} 5. Bc4 {[%emt 0:00:10]} Qe7+ {[%emt 0:01:19]} 6. Be2 {[%emt 0:04:19]} d5 {[%emt 0:03:59]} 7. Nf3 {[%emt 0:01:50]} Nc6 {[%emt 0:01:41]} 8. O-O {[%emt 0:00:22]} Bd7 {[%emt 0:00:29]} 9. a3 {[%emt 0:10:25]} O-O-O {[%emt 0:01:20]} 10. b4 {[%emt 0:00:29]} Ne5 {[%emt 0:08:55]} 11. Bb2 {[%emt 0:01:03]} h5 {[%emt 0:02:59]} 12. Re1 {[%emt 0:09:50]} h4 {[%emt 0:04:22]} 13. Bd4 {[%emt 0:01:34]} Kb8 {[%emt 0:04:26]} 14. Nxe5 {[%emt 0:04:24]} fxe5 {[%emt 0:00:29]} 15. Bg4 {[%emt 0:07:57]} e4 {[%emt 0:05:59]} 16. d3 {[%emt 0:04:05]} Qg5 {[%emt 0:12:49]} 17. Bxd7 {[%emt 0:00:08]} Rxd7 {[%emt 0:03:45]} 18. dxe4 {[%emt 0:00:02]} dxe4 {[%emt 0:05:07]} 19. Rxe4 {[%emt 0:00:54]} Bd6 {[%emt 0:00:42]} 20. Qg4 {[%emt 0:00:12]} Qxg4 {[%emt 0:02:43]} 21. Rxg4 {[%emt 0:00:02]} Rh7 {[%emt 0:07:30]} 22. Re1 {[%emt 0:00:12]} b6 {[%emt 0:00:33]} 23. h3 {[%emt 0:00:42]} Be7 {[%emt 0:03:01]} 24. Be3 {[%emt 0:04:44]} Bf6 {[%emt 0:00:52]} 25. Bg5 {[%emt 0:01:45]} Bxg5 {[%emt 0:03:34]} 26. Rxg5 {[%emt 0:00:02]} Rd2 {[%emt 0:00:44]} 27. c4 {[%emt 0:00:03]} Rd4 {[%emt 0:01:29]} 28. c5 {[%emt 0:00:14]} Kc8 {[%emt 0:01:20]} 29. c6 {[%emt 0:00:42]} Kd8 {[%emt 0:02:03]} 30. b5 {[%emt 0:00:17]} Rd6 {[%emt 0:03:00]} 31. Ree5 {[%emt 0:00:21]} Rd3 {[%emt 0:00:20]} 32. Rd5+ {[%emt 0:00:07]} Rxd5 {[%emt 0:00:13]} 33. Rxd5+ {[%emt 0:00:03]} Kc8 {[%emt 0:00:26]} 34. Rd7 {[%emt 0:00:08]} a6 {[%emt 0:02:55]} 35. bxa6 {[%emt 0:00:28]} Kb8 {[%emt 0:00:33]} 36. a7+ {[%emt 0:00:48]} Kxa7 {[%emt 0:00:15]} 37. Rxc7+ {[%emt 0:00:04]} Kb8 {[%emt 0:01:26]} 38. Rb7+ {[%emt 0:00:09]} Kc8 {[%emt 0:00:06]} 39. f4 {[%emt 0:00:05]} 1-0

[Event "Reykjavik Chess Congress 2018"]
[Site "Reykjavik"]
[Date "2018.01.11"]
[Round "1"]
[White "Ptacnikova, Lenka"]
[Black "Jonsson, Sveinbjorn"]
[Result "1-0"]
[WhiteElo "2218"]
[BlackElo "1667"]
[Annotator "ChessBase"]
[PlyCount "139"]
[EventDate "2018.??.??"]
[EventType "swiss"]
[EventCountry "ISL"]
[TimeControl "40/5400+30:900+30"]

1. c4 {[%emt 0:00:00]} c5 {[%emt 0:00:41]} 2. g3 {[%emt 0:00:00]} Nc6 {[%emt 0:00:42]} 3. Bg2 {[%emt 0:00:00]} g6 {[%emt 0:00:18]} 4. h4 {[%emt 0:00:44]} Nf6 {[%emt 0:02:39]} 5. Nc3 {[%emt 0:01:59]} Bg7 {[%emt 0:01:11]} 6. Nh3 {[%emt 0:00:26]} d6 {[%emt 0:04:17]} 7. Nf4 {[%emt 0:00:52]} h5 {[%emt 0:01:09]} 8. d3 {[%emt 0:02:38]} a6 {[%emt 0:00:39]} 9. a3 {[%emt 0:01:26]} Rb8 {[%emt 0:01:25]} 10. Rb1 {[%emt 0:00:09]} Bd7 {[%emt 0:00:48]} 11. b4 {[%emt 0:00:27]} b5 {[%emt 0:08:49]} 12. cxb5 {[%emt 0:06:25]} axb5 {[%emt 0:00:20]} 13. O-O {[%emt 0:02:55]} cxb4 {[%emt 0:01:28]} 14. axb4 {[%emt 0:00:10]} O-O {[%emt 0:04:05]} 15. e3 {[%emt 0:06:44]} Ne5 {[%emt 0:02:06]} 16. Qb3 {[%emt 0:01:51]} e6 {[%emt 0:00:45]} 17. Bb2 {[%emt 0:13:29]} Nfg4 {[%emt 0:03:31]} 18. Ne4 {[%emt 0:04:40]} Bc6 {[%emt 0:04:24]} 19. Rbc1 {[%emt 0:03:40]} Bxe4 {[%emt 0:00:28]} 20. dxe4 {[%emt 0:02:29]} Qe7 {[%emt 0:03:03]} 21. f3 {[%emt 0:03:43]} Nf6 {[%emt 0:02:42]} 22. Bxe5 {[%emt 0:01:08]} dxe5 {[%emt 0:00:12]} 23. Nd3 {[%emt 0:00:09]} Nd7 {[%emt 0:00:28]} 24. Rc7 {[%emt 0:02:41]} Rfc8 {[%emt 0:00:14]} 25. Rfc1 {[%emt 0:03:30]} Rxc7 {[%emt 0:00:08]} 26. Rxc7 {[%emt 0:00:04]} Qd6 {[%emt 0:00:10]} 27. Qc3 {[%emt 0:01:39]} Rd8 {[%emt 0:01:38]} 28. Bf1 {[%emt 0:02:36]} Qb6 {[%emt 0:04:25]} 29. Kf2 {[%emt 0:00:28]} Bh6 {[%emt 0:03:27]} 30. f4 {[%emt 0:00:28]} Nf6 {[%emt 0:01:12]} 31. Kf3 {[%emt 0:00:33]} Ng4 {[%emt 0:04:47]} 32. Nxe5 {[%emt 0:03:30]} Bg7 {[%emt 0:00:16]} 33. Be2 {[%emt 0:07:13]} Qd6 {[%emt 0:16:27]} 34. Nxf7 {[%emt 0:12:50]} Bxc3 {[%emt 0:00:14]} 35. Nxd6 {[%emt 0:00:06]} Bxb4 {[%emt 0:00:14]} 36. Rc8 {[%emt 0:02:20]} Rxc8 {[%emt 0:00:24]} 37. Nxc8 {[%emt 0:00:06]} Bd2 {[%emt 0:00:16]} 38. Bxb5 {[%emt 0:00:34]} Bxe3 {[%emt 0:00:38]} 39. Bc4 {[%emt 0:01:28]} Kf7 {[%emt 0:00:17]} 40. Nd6+ {[%emt 0:00:00]} Ke7 {[%emt 0:00:18]} 41. e5 {[%emt 0:07:37]} Bd4 {[%emt 0:01:31]} 42. Bd3 {[%emt 0:02:37]} Bxe5 {[%emt 0:00:23]} 43. Nc4 {[%emt 0:05:25]} Bc3 {[%emt 0:00:52]} 44. Bxg6 {[%emt 0:00:18]} Nf6 {[%emt 0:00:12]} 45. Ne5 {[%emt 0:04:59]} Kf8 {[%emt 0:00:43]} 46. Bc2 {[%emt 0:01:45]} Ke7 {[%emt 0:05:18]} 47. Nc4 {[%emt 0:01:06]} Kf7 {[%emt 0:01:12]} 48. Bb3 {[%emt 0:00:37]} Ke7 {[%emt 0:01:07]} 49. Ne5 {[%emt 0:01:48]} Kd6 {[%emt 0:03:49]} 50. Nf7+ {[%emt 0:00:28]} Ke7 {[%emt 0:00:12]} 51. Ng5 {[%emt 0:00:47]} e5 {[%emt 0:00:09]} 52. f5 {[%emt 0:00:52]} Ba1 {[%emt 0:03:31]} 53. Bd1 {[%emt 0:01:26]} Ng4 {[%emt 0:01:16]} 54. Ne4 {[%emt 0:00:40]} Bd4 {[%emt 0:00:58]} 55. Be2 {[%emt 0:00:53]} Kf7 {[%emt 0:02:55]} 56. Bc4+ {[%emt 0:00:46]} Ke7 {[%emt 0:01:15]} 57. Be6 {[%emt 0:00:53]} Nh2+ {[%emt 0:01:26]} 58. Ke2 {[%emt 0:00:23]} Ng4 {[%emt 0:00:08]} 59. Bb3 {[%emt 0:01:32]} Bb2 {[%emt 0:01:18]} 60. Bd1 {[%emt 0:00:27]} Bd4 {[%emt 0:01:12]} 61. Ke1 {[%emt 0:01:09]} Ne3 {[%emt 0:01:11]} 62. f6+ {[%emt 0:00:19]} Kf8 {[%emt 0:00:38]} 63. Bxh5 {[%emt 0:00:14]} Nf5 {[%emt 0:03:35]} 64. Bg4 {[%emt 0:01:07]} Nh6 {[%emt 0:01:53]} 65. Be6 {[%emt 0:00:07]} Ng8 {[%emt 0:01:00]} 66. Bb3 {[%emt 0:00:56]} Nh6 {[%emt 0:00:09]} 67. Ke2 {[%emt 0:00:22]} Ng4 {[%emt 0:00:14]} 68. Kf3 {[%emt 0:00:28]} Nh2+ {[%emt 0:00:14]} 69. Kg2 {[%emt 0:00:14]} Ng4 {[%emt 0:00:02]} 70. h5 {[%emt 0:00:17]} 1-0

[Event "Reykjavik Chess Congress 2018"]
[Site "Reykjavik"]
[Date "2018.01.10"]
[Round "1"]
[White "Fridthjofsdottir, Sigurl. Regina"]
[Black "Ragnarsson, Dagur"]
[Result "1-0"]
[WhiteElo "1734"]
[BlackElo "2332"]
[Annotator "ChessBase"]
[PlyCount "97"]
[EventDate "2018.??.??"]
[EventType "swiss"]
[EventCountry "ISL"]
[TimeControl "40/5400+30:900+30"]

1. e4 {[%emt 0:00:00]} e6 {[%emt 0:00:09]} 2. d3 {[%emt 0:00:00]} d5 {[%emt 0:00:05]} 3. Nd2 {[%emt 0:00:00]} Nf6 {[%emt 0:00:05]} 4. Ngf3 {[%emt 0:00:12]} Be7 {[%emt 0:01:50]} 5. g3 {[%emt 0:00:27]} O-O {[%emt 0:00:06]} 6. Bg2 {[%emt 0:00:08]} c5 {[%emt 0:00:05]} 7. O-O {[%emt 0:00:21]} Nc6 {[%emt 0:00:03]} 8. Re1 {[%emt 0:00:36]} b5 {[%emt 0:00:06]} 9. c3 {[%emt 0:00:30]} a5 {[%emt 0:00:50]} 10. e5 {[%emt 0:00:40]} Nd7 {[%emt 0:00:06]} 11. a3 {[%emt 0:00:57]} Qc7 {[%emt 0:02:44]} 12. d4 {[%emt 0:01:00]} Ba6 {[%emt 0:00:18]} 13. Nf1 {[%emt 0:01:39]} Rfc8 {[%emt 0:01:20]} 14. Bf4 {[%emt 0:00:31]} b4 {[%emt 0:00:06]} 15. Ne3 {[%emt 0:02:06]} Qd8 {[%emt 0:01:45]} 16. h4 {[%emt 0:00:45]} Bb5 {[%emt 0:00:09]} 17. h5 {[%emt 0:02:26]} a4 {[%emt 0:00:24]} 18. h6 {[%emt 0:01:27]} g6 {[%emt 0:00:07]} 19. Bf1 {[%emt 0:25:56]} Bxf1 {[%emt 0:02:23]} 20. Kxf1 {[%emt 0:00:06]} bxc3 {[%emt 0:00:40]} 21. bxc3 {[%emt 0:00:16]} cxd4 {[%emt 0:01:45]} 22. cxd4 {[%emt 0:00:35]} Nb6 {[%emt 0:00:26]} 23. Qd3 {[%emt 0:05:46]} Na5 {[%emt 0:00:17]} 24. Ng4 {[%emt 0:14:44]} Nb3 {[%emt 0:02:11]} 25. Ra2 {[%emt 0:06:25]} Nd7 {[%emt 0:03:05]} 26. Kg2 {[%emt 0:11:27]} Qa5 {[%emt 0:03:57]} 27. Rd1 {[%emt 0:03:02]} Rc3 {[%emt 0:01:38]} 28. Qe2 {[%emt 0:00:55]} Qa6 {[%emt 0:00:30]} 29. Qe1 {[%emt 0:00:58]} Rac8 {[%emt 0:00:15]} 30. Be3 {[%emt 0:11:16]} Rc2 {[%emt 0:00:34]} 31. Rxc2 {[%emt 0:00:17]} Rxc2 {[%emt 0:00:05]} 32. Nd2 {[%emt 0:02:35]} Bxa3 {[%emt 0:01:35]} 33. Nxb3 {[%emt 0:02:06]} axb3 {[%emt 0:00:06]} 34. Nf6+ {[%emt 0:02:11]} Nxf6 {[%emt 0:00:12]} 35. exf6 {[%emt 0:00:04]} Qe2 {[%emt 0:02:58]} 36. Qxe2 {[%emt 0:01:36]} Rxe2 {[%emt 0:00:06]} 37. Rd3 {[%emt 0:00:18]} Bd6 {[%emt 0:12:31]} 38. Rxb3 {[%emt 0:00:17]} Rc2 {[%emt 0:00:55]} 39. Rb6 {[%emt 0:00:52]} Bc7 {[%emt 0:00:05]} 40. Ra6 {[%emt 0:00:00]} Rb2 {[%emt 0:00:45]} 41. Ra7 {[%emt 0:02:08]} Bd6 {[%emt 0:00:23]} 42. Rd7 {[%emt 0:02:06]} Bf8 {[%emt 0:00:09]} 43. Rd8 {[%emt 0:00:22]} Rc2 {[%emt 0:00:37]} 44. Bf4 {[%emt 0:01:01]} Rc6 {[%emt 0:00:05]} 45. Bb8 {[%emt 0:02:59]} Ra6 {[%emt 0:00:31]} 46. Bc7 {[%emt 0:00:37]} Rc6 {[%emt 0:00:08]} 47. Ba5 {[%emt 0:00:33]} Rc4 {[%emt 0:00:09]} 48. Bb6 {[%emt 0:00:12]} e5 {[%emt 0:00:03]} 49. Bc5 {[%emt 0:00:36]} 1-0

[Event "Reykjavik Chess Congress 2018"]
[Site "Reykjavik"]
[Date "2018.01.10"]
[Round "1"]
[White "Ulfljotsson, Jon"]
[Black "Bjornsson, Sigurbjorn"]
[Result "1/2-1/2"]
[WhiteElo "1687"]
[BlackElo "2288"]
[Annotator "ChessBase"]
[PlyCount "82"]
[EventDate "2018.??.??"]
[EventType "swiss"]
[EventCountry "ISL"]
[TimeControl "40/5400+30:900+30"]

1. d4 {[%emt 0:00:00]} Nf6 {[%emt 0:00:05]} 2. Nf3 {[%emt 0:00:00]} g6 {[%emt 0:00:05]} 3. g3 {[%emt 0:00:00]} Bg7 {[%emt 0:00:05]} 4. Bg2 {[%emt 0:00:10]} O-O {[%emt 0:00:06]} 5. O-O {[%emt 0:00:11]} d6 {[%emt 0:00:06]} 6. b3 {[%emt 0:01:38]} c5 {[%emt 0:03:31]} 7. e3 {[%emt 0:03:13]} Nc6 {[%emt 0:04:19]} 8. Bb2 {[%emt 0:02:56]} cxd4 {[%emt 0:03:50]} 9. Nxd4 {[%emt 0:03:55]} Bd7 {[%emt 0:02:12]} 10. Nd2 {[%emt 0:04:55]} Nxd4 {[%emt 0:05:36]} 11. exd4 {[%emt 0:03:07]} Bc6 {[%emt 0:00:39]} 12. Qe2 {[%emt 0:05:20]} Re8 {[%emt 0:01:28]} 13. c4 {[%emt 0:01:24]} d5 {[%emt 0:09:54]} 14. Rfe1 {[%emt 0:04:20]} dxc4 {[%emt 0:05:06]} 15. Bxc6 {[%emt 0:04:52]} bxc6 {[%emt 0:00:05]} 16. Nxc4 {[%emt 0:00:12]} Nd5 {[%emt 0:06:22]} 17. Ne5 {[%emt 0:02:45]} Rc8 {[%emt 0:02:52]} 18. Rac1 {[%emt 0:04:14]} Qd6 {[%emt 0:05:57]} 19. Rc2 {[%emt 0:05:18]} a5 {[%emt 0:10:50]} 20. Nc4 {[%emt 0:06:37]} Qd8 {[%emt 0:01:51]} 21. Rd2 {[%emt 0:06:27]} Ra8 {[%emt 0:06:30]} 22. Ne5 {[%emt 0:05:35]} Qd6 {[%emt 0:01:23]} 23. Rc1 {[%emt 0:02:00]} Rec8 {[%emt 0:02:11]} 24. Rc4 {[%emt 0:04:47]} a4 {[%emt 0:09:06]} 25. bxa4 {[%emt 0:05:56]} Nb6 {[%emt 0:00:50]} 26. Rc1 {[%emt 0:03:30]} Rxa4 {[%emt 0:01:35]} 27. a3 {[%emt 0:01:31]} Nd5 {[%emt 0:02:25]} 28. Rdc2 {[%emt 0:01:29]} Bxe5 {[%emt 0:00:33]} 29. dxe5 {[%emt 0:00:43]} Qe6 {[%emt 0:00:09]} 30. Rc5 {[%emt 0:02:40]} h5 {[%emt 0:04:31]} 31. h4 {[%emt 0:05:42]} Rb8 {[%emt 0:02:10]} 32. Rxc6 {[%emt 0:02:01]} Qh3 {[%emt 0:00:13]} 33. e6 {[%emt 0:03:23]} f6 {[%emt 0:04:52]} 34. Rc8+ {[%emt 0:01:56]} Rxc8 {[%emt 0:00:02]} 35. Rxc8+ {[%emt 0:00:10]} Kh7 {[%emt 0:01:29]} 36. Qb5 {[%emt 0:00:50]} Re4 {[%emt 0:04:17]} 37. Rh8+ {[%emt 0:01:54]} Kxh8 {[%emt 0:00:05]} 38. Qe8+ {[%emt 0:00:11]} Kh7 {[%emt 0:00:03]} 39. Qf7+ {[%emt 0:00:22]} Kh8 {[%emt 0:00:07]} 40. Qf8+ {[%emt 0:00:00]} Kh7 {[%emt 0:00:03]} 41. Qf7+ {[%emt 0:00:15]} Kh8 {[%emt 0:00:03]} 1/2-1/2

[Event "Reykjavik Chess Congress 2018"]
[Site "Reykjavik"]
[Date "2018.01.14"]
[Round "2"]
[White "Thorfinnsson, Bragi"]
[Black "Fridthjofsdottir, Sigurl. Regina"]
[Result "1-0"]
[WhiteElo "2426"]
[BlackElo "1734"]
[Annotator "TA"]
[PlyCount "97"]
[EventDate "2018.??.??"]
[EventType "swiss"]
[EventCountry "ISL"]
[SourceTitle "playchess.com"]
[Source "ChessBase"]
[SourceQuality "1"]

{[%evp 9,97,41,76,50,81,79,79,82,79,79,91,83,79,77,87,81,52,50,50,68,64,60,65,47,60,51,81,41,76,42,60,29,53,48,57,34,45,30,39,9,50,34,34,34,34,34,34,34,34,34,34,34,45,34,34,34,34,34,34,32,33,39,40,33,43,46,63,56,70,70,70,28,41,56,42,42,42,42,42,42,67,74,864,861,12844,12845,12846,12846,29994,29995]} 1. e4 d5 2. exd5 Qxd5 3. Nc3 Qa5 4. d4 Nf6 5. Nf3 e6 (5... Bf5 6. Ne5 e6 7. g4 Bg6 8. h4 Ne4 9. Bd2 Nxc3 10. Bxc3 Bb4 11. Rh3 Be4 12. Qe2 Bd5 13. O-O-O O-O 14. Bxb4 Qxb4 15. h5 f6 16. c4 fxe5 17. cxd5 exd5 18. Qxe5 Rxf2 19. Qxd5+ {1-0 (48) Ivanchuk,V (2729)-Mamedov,N (2589) Kocaeli 2017}) 6. Bd3 {B01: Scandinavian Defence} c6 7. O-O Be7 8. Re1 {White is better.} O-O $146 ({Predecessor:} 8... Bd6 9. Ne5 Bxe5 10. dxe5 Nd5 11. Ne4 O-O 12. Bd2 Qc7 {1-0 (35) Schammo,J (2103)-Weiss,H (1360) Dresden 2008}) 9. Bf4 Nbd7 {[%cal Bb8d7,Bd7f6,Bf6d5,Bd5b4,Bb4d3][%mdl 32]} 10. a3 Qd8 11. Qe2 Nd5 12. Bg3 ({Inferior is} 12. Qe4 N7f6 $17) (12. Bd2 {is more complex.} Nxc3 13. Bxc3 Nf6 14. Ne5 Nd7 15. Rad1) 12... Nxc3 13. bxc3 Nf6 14. a4 Nd5 15. c4 Nb4 16. c3 Nxd3 17. Qxd3 Re8 18. h4 b6 19. Ne5 Bb7 20. Qf3 Bf6 21. h5 ({Of course not} 21. Nxc6 Qd7 $15) 21... Bxe5 22. Bxe5 f6 23. Bf4 Qd7 24. c5 Qd5 25. Qxd5 cxd5 26. Rab1 Bc6 27. cxb6 axb6 28. Rxb6 Bxa4 29. Rexe6 Rxe6 30. Rxe6 $14 {[%mdl 4096] Endgame KRB-KRB} Re8 31. Rd6 (31. Rb6 {with more complications.} Re4 32. Bd6 Rh4 33. f3 Rxh5 34. g4) 31... Bb3 32. Rd7 h6 33. Bd6 Bc4 34. Kh2 Bd3 35. Bb4 Bc4 36. g4 Bb3 37. Kg3 Bc4 38. f3 Bb3 39. Be7 Bc4 40. f4 Bb3 41. g5 hxg5 42. fxg5 fxg5 43. Kg4 Bc4 44. Kxg5 Bb3 45. Bd6 Bc4 $2 {[%mdl 8192]} (45... Re1 $16) 46. Be5 $18 Bb3 47. Rxg7+ Kf8 48. Kf6 {[#] Threatening mate with Bd6+.} Bc2 49. Bd6+ {Precision: White = 47%, Black = 44%.} 1-0

[Event "Reykjavik Chess Congress 2018"]
[Site "Reykjavik"]
[Date "2018.01.14"]
[Round "2"]
[White "Olafsson, Thorvardur"]
[Black "Mai, Alexander Oliver"]
[Result "1-0"]
[WhiteElo "2178"]
[BlackElo "1970"]
[Annotator "ChessBase"]
[PlyCount "87"]
[EventDate "2018.??.??"]
[EventType "swiss"]
[EventCountry "ISL"]
[SourceTitle "playchess.com"]
[Source "ChessBase"]
[SourceQuality "1"]
[TimeControl "40/5400+30:900+30"]

1. e4 {[%emt 0:00:00]} e5 {[%emt 0:00:05]} 2. Nf3 {[%emt 0:00:00]} Nc6 {[%emt 0:00:06]} 3. Bb5 {[%emt 0:00:04]} a6 {[%emt 0:00:06]} 4. Bxc6 {[%emt 0:00:45]} dxc6 {[%emt 0:00:09]} 5. Nc3 {[%emt 0:01:16]} f6 {[%emt 0:02:32]} 6. d4 {[%emt 0:00:32]} Bg4 {[%emt 0:09:49]} 7. dxe5 {[%emt 0:03:22]} Qxd1+ {[%emt 0:00:22]} 8. Nxd1 {[%emt 0:00:15]} Bxf3 {[%emt 0:00:08]} 9. gxf3 {[%emt 0:00:07]} fxe5 {[%emt 0:00:08]} 10. Bg5 {[%emt 0:06:59]} Be7 {[%emt 0:13:50]} 11. Rg1 {[%emt 0:01:51]} Bf6 {[%emt 0:10:47]} 12. Ne3 {[%emt 0:05:10]} Ne7 {[%emt 0:03:38]} 13. Bxf6 {[%emt 0:06:16]} gxf6 {[%emt 0:00:05]} 14. Rd1 {[%emt 0:00:48]} Rg8 {[%emt 0:07:19]} 15. Rxg8+ {[%emt 0:05:18]} Nxg8 {[%emt 0:00:02]} 16. Nf5 {[%emt 0:00:26]} Rd8 {[%emt 0:11:54]} 17. Rxd8+ {[%emt 0:04:20]} Kxd8 {[%emt 0:00:01]} 18. Ke2 {[%emt 0:00:16]} Ke8 {[%emt 0:01:52]} 19. f4 {[%emt 0:06:39]} Kf7 {[%emt 0:02:18]} 20. Kf3 {[%emt 0:00:40]} Kg6 {[%emt 0:01:59]} 21. Kg4 {[%emt 0:03:31]} Kf7 {[%emt 0:03:17]} 22. fxe5 {[%emt 0:12:14]} fxe5 {[%emt 0:00:02]} 23. Kg5 {[%emt 0:00:31]} Ke6 {[%emt 0:01:34]} 24. f3 {[%emt 0:00:53]} b5 {[%emt 0:08:01]} 25. Nh6 {[%emt 0:06:13]} Nf6 {[%emt 0:00:58]} 26. Ng4 {[%emt 0:00:33]} Ng8 {[%emt 0:00:40]} 27. h3 {[%emt 0:05:41]} c5 {[%emt 0:02:06]} 28. h4 {[%emt 0:02:17]} a5 {[%emt 0:01:47]} 29. h5 {[%emt 0:02:48]} c4 {[%emt 0:00:51]} 30. Ne3 {[%emt 0:03:32]} c6 {[%emt 0:00:37]} 31. c3 {[%emt 0:02:10]} c5 {[%emt 0:03:30]} 32. Nd5 {[%emt 0:02:31]} Kd6 {[%emt 0:00:48]} 33. Kf5 {[%emt 0:02:00]} a4 {[%emt 0:00:33]} 34. a3 {[%emt 0:01:02]} b4 {[%emt 0:00:48]} 35. Kg5 {[%emt 0:02:39]} Ke6 {[%emt 0:00:28]} 36. h6 {[%emt 0:04:09]} b3 {[%emt 0:01:15]} 37. Nb6 {[%emt 0:02:42]} Nf6 {[%emt 0:00:26]} 38. Nxc4 {[%emt 0:00:33]} Nd7 {[%emt 0:00:37]} 39. Ne3 {[%emt 0:00:31]} Nb6 {[%emt 0:00:37]} 40. Kg4 {[%emt 0:00:00]} Kf6 {[%emt 0:04:38]} 41. Nd5+ {[%emt 0:04:31]} Nxd5 {[%emt 0:00:09]} 42. exd5 {[%emt 0:00:08]} Ke7 {[%emt 0:00:19]} 43. Kf5 {[%emt 0:00:20]} Kd6 {[%emt 0:00:07]} 44. c4 {[%emt 0:00:09] Kxd5 Ke4+} 1-0

[Event "Reykjavik Chess Congress 2018"]
[Site "Reykjavik"]
[Date "2018.01.14"]
[Round "2"]
[White "Loftsson, Hrafn"]
[Black "Bjornsson, Eirikur K"]
[Result "1/2-1/2"]
[WhiteElo "2163"]
[BlackElo "1934"]
[Annotator "ChessBase"]
[PlyCount "33"]
[EventDate "2018.??.??"]
[EventType "swiss"]
[EventCountry "ISL"]
[SourceTitle "playchess.com"]
[Source "ChessBase"]
[SourceQuality "1"]
[TimeControl "40/5400+30:900+30"]

1. d4 {[%emt 0:00:00]} g6 {[%emt 0:01:25]} 2. c4 {[%emt 0:00:49]} Bg7 {[%emt 0:00:15]} 3. Nf3 {[%emt 0:00:34]} c5 {[%emt 0:04:02]} 4. d5 {[%emt 0:02:43]} e5 {[%emt 0:02:05]} 5. e4 {[%emt 0:04:45]} d6 {[%emt 0:01:10]} 6. Nc3 {[%emt 0:00:48]} Nd7 {[%emt 0:01:15]} 7. Bd3 {[%emt 0:05:53]} a6 {[%emt 0:02:28]} 8. Be3 {[%emt 0:11:31]} Ndf6 {[%emt 0:13:28]} 9. h3 {[%emt 0:11:33]} Nh5 {[%emt 0:06:23]} 10. g3 {[%emt 0:26:23]} Ne7 {[%emt 0:08:04]} 11. g4 {[%emt 0:18:07]} Nf4 {[%emt 0:04:32]} 12. Bxf4 {[%emt 0:00:31]} exf4 {[%emt 0:00:06]} 13. Qd2 {[%emt 0:00:02]} O-O {[%emt 0:19:40]} 14. Qxf4 {[%emt 0:01:26]} b5 {[%emt 0:02:40]} 15. Kf1 b4 16. Nd1 {bxc3 Nxc3} Qb6 {Bc4 f5} 17. Qd2 1/2-1/2